Desarrollo de la capacidad creadora /
Guardado en:
| Autor Principal: | |
|---|---|
| Otros Autores: | |
| Formato: | Libro |
| Publicado: |
Buenos Aires :
Kapelusz,
1994
|
| Edición: | 2a. ed. |
| Materias: | |
| Etiquetas: |
Agregar Etiqueta
Sin Etiquetas, Sea el primero en etiquetar este registro!
|
| LEADER | 00609nam a22002175a 4500 | ||
|---|---|---|---|
| 001 | CEM.cems007663 | ||
| 008 | 130507s1994##################000#0#####d | ||
| 005 | 20241216115649.0 | ||
| 245 | 1 | 0 | |a Desarrollo de la capacidad creadora / |
| 250 | |a 2a. ed. | ||
| 260 | |a Buenos Aires : |b Kapelusz, |c 1994 | ||
| 300 | |a 380 p. | ||
| 100 | 1 | |a Lowenfeld, Viktor | |
| 700 | 1 | |a Brittain, W. Lambert | |
| 082 | 0 | 4 | |a 701 |
| 653 | |a Adolescencia y arte | ||
| 653 | |a Arte | ||
| 653 | |a Arte y educacion | ||
| 653 | |a C. basico 1994 | ||
| 653 | |a Educacion artistica | ||
| 859 | |a CEMS |b BIB. CEMS - 11 de abril |h 701 |i L952-1a2 |p 17969.94 |t Ej.1 | ||
